| 000 | 00649nam a22002177a 4500 | ||
|---|---|---|---|
| 003 | OSt | ||
| 005 | 20260601193907.0 | ||
| 008 | 260520b |||||||| |||| 00| 0 eng d | ||
| 020 | _a9781580934947 | ||
| 040 |
_aICI _bspa _cICI |
||
| 041 | _aeng | ||
| 050 |
_aNA737.G66 _bN68 2018 |
||
| 100 |
_aGonzález, René, _earchitect. _934631 |
||
| 245 |
_aNot lost in translation : _bRené González Architects. |
||
| 260 |
_aMiami, Florida : _bOscar Riera Ojeda Publishers, _c2018. |
||
| 300 | _a240 páginas : | ||
| 650 |
_aArquitectura, Modernidad _934632 |
||
| 650 | _aDiseño arquitectónico | ||
| 650 | _aArquitectura Doméstica | ||
| 942 |
_2lcc _cB _n1 |
||
| 999 |
_c22436 _d22436 |
||